000 00420nam a22001817a 4500
003 CEME
005 20210628205911.0
008 210208b xxu||||| |||| 00| 0 eng d
040 _c.
082 _a551.8 BIL
100 _aBillings, Marland.P
_940174
245 _aStructural geology
250 _a4TH
260 _aNEW DELHI
_bPRENTICE HALL
_c1979
300 _a606P
650 _aGEOLOGY
_99010
942 _cBK
_2ddc
999 _c582694
_d582694